Welcome to CU Library Online Public Access Catalogue (OPAC)

Applied statistics in business and economics / (Record no. 2178)

MARC details
000 -LEADER
fixed length control field 01396cam a22003614a 4500
001 - CONTROL NUMBER
control field 14141715
005 - DATE AND TIME OF LATEST TRANSACTION
control field 20241213170919.0
008 - FIXED-LENGTH DATA ELEMENTS--GENERAL INFORMATION
fixed length control field 051015s2007 maua b 001 0 eng
020 ## - INTERNATIONAL STANDARD BOOK NUMBER
International Standard Book Number 0072966939 (student ed.)
020 ## - INTERNATIONAL STANDARD BOOK NUMBER
International Standard Book Number 0072966963 (instructors ed.)
020 ## - INTERNATIONAL STANDARD BOOK NUMBER
International Standard Book Number 0072966947 (student CDROM)
020 ## - INTERNATIONAL STANDARD BOOK NUMBER
International Standard Book Number 0073215759
020 ## - INTERNATIONAL STANDARD BOOK NUMBER
International Standard Book Number 9780072966947 (student CDROM)
020 ## - INTERNATIONAL STANDARD BOOK NUMBER
International Standard Book Number 9780073215754
020 ## - INTERNATIONAL STANDARD BOOK NUMBER
International Standard Book Number 9780072966930 (student ed.)
020 ## - INTERNATIONAL STANDARD BOOK NUMBER
International Standard Book Number 9780072966961 (instructors ed.)
050 00 - LIBRARY OF CONGRESS CALL NUMBER
Classification number HF1017
Item number .D55 2007
082 00 - DEWEY DECIMAL CLASSIFICATION NUMBER
Classification number 519.5
Edition information 22
100 1# - MAIN ENTRY--PERSONAL NAME
Personal name Doane, David P.
245 10 - TITLE STATEMENT
Title Applied statistics in business and economics /
Statement of responsibility, etc. David P. Doane, Lori E. Seward.
260 ## - PUBLICATION, DISTRIBUTION, ETC.
Place of publication, distribution, etc. Boston :
Name of publisher, distributor, etc. McGraw-Hill/Irwin,
Date of publication, distribution, etc. c2007.
300 ## - PHYSICAL DESCRIPTION
Extent xxiii, 834 p. :
Other physical details ill. (some col.) ;
Dimensions 29 cm. +
Accompanying material 1 CD-ROM (4 3/4 in.).
500 ## - GENERAL NOTE
General note Includes Index
650 #0 - SUBJECT ADDED ENTRY--TOPICAL TERM
Topical term or geographic name entry element Commercial statistics.
650 #0 - SUBJECT ADDED ENTRY--TOPICAL TERM
Topical term or geographic name entry element Management
General subdivision Statistical methods.
650 #0 - SUBJECT ADDED ENTRY--TOPICAL TERM
Topical term or geographic name entry element Economics
General subdivision Statistical methods.
650 #0 - SUBJECT ADDED ENTRY--TOPICAL TERM
Topical term or geographic name entry element Statistics.
700 1# - ADDED ENTRY--PERSONAL NAME
Personal name Seward, Lori Welte,
Dates associated with a name 1962-
856 41 - ELECTRONIC LOCATION AND ACCESS
Materials specified Table of contents only
Uniform Resource Identifier <a href="http://www.loc.gov/catdir/enhancements/fy0665/2005056294-t.html">http://www.loc.gov/catdir/enhancements/fy0665/2005056294-t.html</a>
856 42 - ELECTRONIC LOCATION AND ACCESS
Materials specified Publisher description
Uniform Resource Identifier <a href="http://www.loc.gov/catdir/enhancements/fy0665/2005056294-d.html">http://www.loc.gov/catdir/enhancements/fy0665/2005056294-d.html</a>
856 42 - ELECTRONIC LOCATION AND ACCESS
Materials specified Contributor biographical information
Uniform Resource Identifier <a href="http://www.loc.gov/catdir/enhancements/fy0737/2005056294-b.html">http://www.loc.gov/catdir/enhancements/fy0737/2005056294-b.html</a>
942 ## - ADDED ENTRY ELEMENTS (KOHA)
Source of classification or shelving scheme Library of Congress Classification
Koha item type Books
Suppress in OPAC No
999 ## -
-- 2178
-- 2178
Holdings
Withdrawn status Lost status Source of classification or shelving scheme Damaged status Not for loan Collection Home library Current library Shelving location Date acquired Total checkouts Full call number Barcode Date last seen Copy number Price effective from Koha item type
    Library of Congress Classification     Non-fiction Business Library (Miotso) Business Library (Miotso) General stacks 12/13/2024   HF1017 .D55 2007 BSSM00000343 12/13/2024 1 12/13/2024 Books
© 2023-2024 Copyright: Central University Libraries. All Rights Reserved | Created by: Mahone Tech Office